| 000 | 00678nam a2200229 4500 | ||
|---|---|---|---|
| 003 | OSt | ||
| 005 | 20260530115312.0 | ||
| 008 | 260420b1976 xxua|||| |||| 00| 0 eng d | ||
| 020 | _a0893970077 | ||
| 040 |
_aICI _bspa _cICI |
||
| 050 |
_aHF5547 _bD82 |
||
| 100 | 1 |
_aDuffy, Frank, _932923 |
|
| 245 | 1 | 0 |
_aPlanning Office Space _cEdited by francis duffy, Colin cave, John worthington |
| 264 | 1 |
_bArchitectural Press ; New York _c1976 _aLondon |
|
| 300 |
_a248 páginas _b30.5 cm. |
||
| 336 |
_atexto _2rdacontent |
||
| 337 |
_asin medio _2rdamedia |
||
| 338 |
_avolumen _2rdacarrier |
||
| 650 | 0 |
_a Oficinas _x Diseño _932924 |
|
| 700 |
_aCave, Colin _932925 |
||
| 942 |
_2ddc _cBK |
||
| 999 |
_c13387 _d13387 |
||